Vedic Mathematics (Record no. 95988)

MARC details
000 -LEADER
fixed length control field 00829nam a22002297a 4500
005 - DATE AND TIME OF LATEST TRANSACTION
control field 20150813174324.0
008 - FIXED-LENGTH DATA ELEMENTS--GENERAL INFORMATION
fixed length control field 150813b xxu||||| |||| 00| 0 eng d
010 ## - LCCN (DPL NO)
LC control number B-598020
020 ## - INTERNATIONAL STANDARD BOOK NUMBER
International Standard Book Number 9788120801646
Terms of availability 195.00
035 ## - SYSTEM CONTROL NUMBER
System control number B-598020
037 ## - SOURCE OF ACQUISITION
Source of stock number/acquisition UBH
040 ## - CATALOGING SOURCE
Original cataloging agency dpl
Language of cataloging hn
082 ## - DEWEY DECIMAL CLASSIFICATION NUMBER
Classification number 510
100 ## - MAIN ENTRY--PERSONAL NAME
Personal name Bharati Krsna Tirthaji Mharaja
245 ## - TITLE STATEMENT
Title Vedic Mathematics
Statement of responsibility, etc by Bharati Krsna Tirthaji Maharaja; edited by V. S. Agrawala/
250 ## - EDITION STATEMENT
Edition statement rev. ed.
260 ## - PUBLICATION, DISTRIBUTION, ETC. (IMPRINT)
Place of publication, distribution, etc Delhi
Name of publisher, distributor, etc Motilal Banarsidass
Date of publication, distribution, etc 2013
270 ## - ADDRESS
Address 41 U.A. Bungalow Road, Jawahar Nagar,
City Delhi-
Postal code 110007
300 ## - PHYSICAL DESCRIPTION
Extent 355p
Dimensions 21cm.(pbk)
942 ## - ADDED ENTRY ELEMENTS (KOHA)
Source of classification or shelving scheme Dewey Decimal Classification
Item type English Books
Classification part 510
Call number suffix BHA
Holdings
Withdrawn status Lost status Source of classification or shelving scheme Damaged status Not for loan Collection code Home library Current library Date acquired Source of acquisition Cost, normal purchase price Total Checkouts Total Renewals Full call number Barcode Date last seen Copy number Cost, replacement price Koha item type
    Dewey Decimal Classification     Non-fiction Sarojini Nagar Sarojini Nagar 13/08/2015 UBH/059/30.6.15/DPL/ZLS/RP/2015-16/1/46/29.6.15/14.7.15 195.00 13 15 510 BHA B-598020 05/07/2024 1 195.00 English Books

© Delhi Public Library
Hit Counter
free hit counter